00213nam a2200073Ia 4500082000800000245002500008100006500033008004100098 aVAN 0aDinge langs die pad  a VAN DEN BERGH, Kas PRETORIA, 1990 Grootdrukuitg 210817s9999 xx 000 0 und d